| 000 | 01017cam a2200325I 4500 | ||
|---|---|---|---|
| 001 | 41948 | ||
| 005 | 20230410124147.0 | ||
| 008 | 780103s1973 sp 000 0 spa d | ||
| 035 | _a(OCoLC)ocm03527931 | ||
| 040 |
_aTXO _cTXO _dOCL _dEL$ _dDRFGD |
||
| 050 | 1 | 4 | _aB655 A1973 |
| 020 | _a8430056653 | ||
| 020 | _a9788430056651 | ||
| 029 | 1 |
_aNLGGC _b041541006 |
|
| 035 | _a(OCoLC)3527931 | ||
| 041 | 1 | _aspaeng | |
| 050 | 1 | 4 |
_aP 121 _bB655a 1973 |
| 049 | _aGRAL | ||
| 100 | 1 |
_aBloomfield, Leonard, _d1887-1949. |
|
| 245 | 1 | 0 |
_aAspectos linguísticos de la ciencia / _cLeonard Bloomfield. |
| 260 |
_aMadrid : _bTaller de Ediciones, _c1973 |
||
| 300 |
_a130 p. _c18 cm. |
||
| 440 | 0 |
_aInternational encyclopedia of unified science, _vv. 1, no. 4 |
|
| 504 | _a"Seleccion bibliografica": p. 125-27. | ||
| 650 | 0 | _aLanguage and languages. | |
| 856 |
_3Mas?... busque en WorldCat (solo desde FUNGLODE) _uhttp://www.firstsearch.oclc.org/fsip. |
||
| 942 |
_2lcc _cbk |
||
| 946 | _almminaya | ||
| 994 |
_aC0 _bDRFGD |
||
| 999 |
_c72215 _d72215 |
||